Every Person who Scored a Goal in the FIFA 2018 World Cup - Statistics

General Stats
  • This quiz has been taken 19 times
  • The average score is 43 of 110
Answer Stats
Country Person % Correct
Portugal Cristiano Ronaldo
94%
England Harry Kane
94%
Croatia Luka Modric
94%
France Antoine Griezmann
88%
Belgium Eden Hazard
88%
France Kylian Mbappé
88%
Argentina Lionel Messi
88%
Uruguay Luis Suarez
88%
Egypt Mohamed Salah
88%
Belgium Romelu Lukaku
88%
Brazil Neymar
81%
Argentina Angel Di Maria
75%
Uruguay Edinson Cavani
75%
Croatia Mario Mandzukic
75%
England Harry Maguire
69%
Belgium Kevin De Bruyne
69%
Senegal Sadio Mane
69%
Colombia Radamel Falcao
63%
Croatia Ante Rebić
56%
Russia Artem Dzyuba
56%
France Benjamin Pavard
56%
England Dele Alli
56%
Croatia Domagoj Vida
56%
Iceland Gylfi Sigurðsson
56%
Croatia Ivan Perisic
56%
England John Stones
56%
Brazil Philippe Coutinho
56%
South Korea Son Heung-min
56%
Germany Toni Kroos
56%
Switzerland Xherdan Shaqiri
56%
Denmark Christian Eriksen
50%
Russia Denis Cheryshev
50%
Spain Diego Costa
50%
Switzerland Granit Xhaka
50%
Croatia Ivan Rakitić
50%
England Jesse Lingard
50%
Belgium Nacer Chadli
50%
France Paul Pogba
50%
France Raphaël Varane
50%
Argentina Sergio Agüero
50%
Serbia Aleksandar MItrovic
44%
Sweden Emil Forsberg
44%
Mexico Hirving Lozano
44%
Mexico Javier Hernandez
44%
Colombia Juan Cuadrado
44%
England Kieran Trippier
44%
Germany Marco Reus
44%
Russia Mario Fernandes
44%
Brazil Roberto Firmino
44%
Brazil Thiago Silva
44%
Colombia Yerry Mina
44%
Nigeria Ahmed Musa
38%
Russia Aleksandr Golovin
38%
Belgium Jan Vertonghen
38%
Uruguay Jose Gimenez
38%
Belgium Michy Batshuayi
38%
Australia Mile Jedinak
38%
France Samuel Umtiti
38%
Japan Shinji Kagawa
38%
Tunisia Wahbi Khazri
38%
Belgium Dries Mertens
31%
Japan Keisuke Honda
31%
Argentina Marcos Rojo
31%
Belgium Marouane Fellaini
31%
Croatia Andrej Kramarić
25%
Poland Grzegorz Krychowiak
25%
Spain Isco
25%
Senegal M’Baye Niang
25%
Portugal Pepe
25%
Portugal Ricardo Quaresma
25%
Japan Takashi Inui
25%
Denmark Yussuf Poulsen
25%
Belgium Adnan Januzaj
19%
Sweden Andreas Granqvist
19%
Argentina Gabriel Mercado
19%
Spain Iago Aspas
19%
Colombia Juan Fernando Quintero
19%
Croatia Milan Badelj
19%
Spain Nacho
19%
Sweden Ola Toivonen
19%
Peru Paolo Guerrero
19%
Brazil Paulinho
19%
Brazil Renato Augusto
19%
Saudi Arabia Salem Al-Dawsari
19%
Belgium Thomas Meunier
19%
Nigeria Victor Moses
19%
Morocco Youssef En-Nesyri
19%
Japan Yuya Osako
19%
Serbia Aleksandar Kolarov
13%
Switzerland Blerim Dzemaili
13%
Mexico Carlos Vela
13%
Tunisia Ferjani Sassi
13%
Poland Jan Bednarek
13%
Morocco Khalid Boutaïb
13%
Senegal Moussa Wagué
13%
Saudi Arabia Salman Al-Faraj
13%
Switzerland Steven Zuber
13%
Iceland Alfreð Finnbogason
6%
Peru Andre Carrillo
6%
Tunisia Dylan Bronn
6%
Panama Felipe Baloy
6%
Japan Genki Haraguchi
6%
Switzerland Josip Drmic
6%
Iran Karim Ansarifard
6%
Costa Rica Kendall Waston
6%
Sweden Ludwig Augustinsson
6%
Denmark Mathias Jorgensen
6%
Tunisia Fakhreddine Ben Youssef
0%
South Korea Kim Young-gwon
0%
Russia Yury Gazinsky
0%
No matching quizzes found
Score Distribution
Percent of People with Each Score
Percentile by Number Answered
Your Score History
You have not taken this quiz